Português Língua Oficial - Capitais de Países - Statistics

Estatísticas Gerais
  • Esse quiz foi jogado 112 vezes
  • A pontuação média é 5 de 9
Estatísticas das Respostas
2ª Cidade Mais Importante Resposta % Correto
São Paulo ou Rio de Janeiro Brasilia (Brasil)
100%
Porto Lisboa (Portugal)
89%
Huambo Luanda (Angola)
78%
Mindelo Praia (Cabo Verde)
57%
Matola Maputo (Moçambique)
54%
Baucau Dili (East Timor)
42%
Santo Amaro São Tomé (São Tomé e Príncipe)
36%
Bafatá Bissau (Guiné-Bissau)
35%
Bata Malabo (Guiné Equatorial)
27%
Nenhum quiz correspondente encontrado
Distribuição das Pontuações
Porcentagem de Pessoas com Cada Pontuação
Percentil de Números Respondidos
Sua Pontuação Histórica
Você não jogou esse quiz